[Event "56th World U20 ch"]
[Site "Tarvisio ITA"]
[Date "2017.11.22"]
[Round "9.64"]
[White "Abdulla, Murad"]
[Black "Lindholm, Jere"]
[Result "1-0"]
[WhiteElo "2316"]
[BlackElo "2064"]
[EventDate "2017.11.13"]
[PlyCount "51"]

1.e4 e6 2.d4 d5 3.Nd2 Nf6 4.exd5 exd5 5.Bd3 Nc6 6.c3 Bd6 7.Ngf3 Bg4 8.O-O 
O-O 9.b3 Re8 10.Qc2 Qd7 11.a3 Nd8 12.c4 c5 13.dxc5 Bxc5 14.Bb2 Rc8 15.Bxf6
gxf6 16.Bxh7+ Kg7 17.Bd3 Rh8 18.Rfe1 dxc4 19.bxc4 Nc6 20.Be4 Nd4 21.Nxd4 
Bxd4 22.Rab1 Qd6 23.Nf1 Be6 24.Qe2 b6 25.Bd5 Bxd5 26.Qg4+ 1-0

[Event "56th World U20 ch"]
[Site "Tarvisio ITA"]
[Date "2017.11.22"]
[Round "9.65"]
[White "Pavic, Filip"]
[Black "Tarini, Goyal"]
[Result "1/2-1/2"]
[WhiteElo "2228"]
[BlackElo "2062"]
[EventDate "2017.11.13"]
[PlyCount "66"]

1.e4 c6 2.d4 d5 3.e5 Bf5 4.Nf3 e6 5.Be2 Ne7 6.O-O Bg6 7.Nbd2 Nf5 8.c4 Nd7 
9.cxd5 cxd5 10.Nb3 h5 11.Bg5 Be7 12.Bxe7 Nxe7 13.Rc1 Nf5 14.Nc5 Nxc5 15.
Rxc5 O-O 16.Qa4 Qb6 17.b4 h4 18.Rfc1 Bh5 19.b5 h3 20.g3 a6 21.Qb4 axb5 22.
Rxb5 Qa7 23.Rxb7 Qxa2 24.Bd1 Bxf3 25.Bxf3 Qa3 26.Qxa3 Rxa3 27.Bg4 Nxd4 28.
Kf1 Nf3 29.Bxf3 Rxf3 30.Ke2 $11 Rf5 31.f4 g5 32.Kf3 Ra8 33.Rcb1 gxf4 $11 
1/2-1/2

[Event "56th World U20 ch"]
[Site "Tarvisio ITA"]
[Date "2017.11.22"]
[Round "9.67"]
[White "Li, Henry"]
[Black "Hiebert, Kenji"]
[Result "0-1"]
[WhiteElo "2168"]
[BlackElo "2017"]
[EventDate "2017.11.13"]
[PlyCount "62"]

1.e4 c6 2.d4 d5 3.exd5 cxd5 4.c4 Nf6 5.Nc3 Nc6 6.Bg5 e6 7.Nf3 Be7 8.Bd3 
dxc4 9.Bxc4 O-O 10.O-O a6 11.a3 b5 12.Bb3 Bb7 13.Qd3 Nd5 14.Bc2 g6 15.Bh6 
Re8 16.Rad1 Nxc3 17.bxc3 Bxa3 18.Ng5 Be7 19.Qg3 Bxg5 20.Bxg5 f6 21.Bh4 Kg7
22.f4 Qd6 23.d5 exd5 24.Qg4 Qc5+ 25.Kh1 Qxc3 26.Rxd5 Ne7 27.Rd6 Qxc2 28.
Bxf6+ Kf8 29.Rg1 Nf5 30.Rd7 Ne3 31.Qh3 Bxg2+ 0-1

[Event "56th World U20 ch"]
[Site "Tarvisio ITA"]
[Date "2017.11.22"]
[Round "9.68"]
[White "De Block, Yordi"]
[Black "Song Yuxin"]
[Result "1/2-1/2"]
[WhiteElo "2119"]
[BlackElo "1951"]
[EventDate "2017.11.13"]
[PlyCount "113"]

1.d4 Nf6 2.Nf3 e6 3.c4 Bb4+ 4.Bd2 Be7 5.Nc3 d5 6.g3 O-O 7.b3 c6 8.Bg2 b6 
9.O-O Nbd7 10.Ne5 Nxe5 11.dxe5 Nd7 12.cxd5 cxd5 13.f4 Ba6 14.a4 Bb4 15.Nb5
Bxd2 16.Qxd2 Bxb5 17.axb5 Nc5 18.Qc2 a5 19.bxa6 Nxa6 20.e4 Rc8 21.Qd1 Nc7 
22.exd5 Nxd5 23.Bxd5 Qxd5 24.Qxd5 exd5 25.Rac1 Rc5 26.Rfd1 Rb5 27.Rd3 Rd8 
28.Kf2 Rc5 29.Rcd1 Kf8 30.b4 Rc4 31.Rd4 Ra8 32.f5 Rc2+ 33.R1d2 Rxd2+ 34.
Rxd2 Rd8 35.Ke3 f6 36.e6 g6 37.g4 Ke7 38.Kd4 Rc8 39.Ra2 Kd6 40.Ra7 Rc4+ 
41.Kd3 Rxg4 42.Rd7+ Kc6 43.b5+ Kc5 44.Rxh7 gxf5 45.Rf7 Kxb5 46.e7 Re4 47.
h4 f4 48.h5 f3 49.h6 f2 50.Rxf6 Rxe7 51.Rxf2 Kc5 52.Rh2 Rh7 53.Kc3 b5 54.
Rh5 Kc6 55.Kb4 Kb6 56.Rxd5 Rxh6 57.Rxb5+ 1/2-1/2

[Event "56th World U20 ch"]
[Site "Tarvisio ITA"]
[Date "2017.11.22"]
[Round "9.69"]
[White "Lumachi, Gabriele"]
[Black "Lin Zhaochen"]
[Result "0-1"]
[WhiteElo "2111"]
[BlackElo "1852"]
[EventDate "2017.11.13"]
[PlyCount "64"]

1.b3 e5 2.Bb2 Nc6 3.e3 g6 4.c4 Bg7 5.g3 d5 6.d3 Nge7 7.a3 O-O 8.Ne2 dxc4 
9.bxc4 Bf5 10.Nec3 Qd7 11.e4 Bg4 12.f3 Be6 13.Nd5 b6 14.Bg2 Na5 15.Bc3 c6 
16.Nxe7+ Qxe7 17.Bb4 Qd7 18.Bxf8 Bxf8 19.Nc3 Rd8 20.Ne2 Bc5 21.h4 h6 22.g4
Nb7 23.Qc2 Be3 24.Nc3 Qd4 25.Rd1 Nc5 26.Bf1 Bxc4 27.Nd5 Bb3 28.Ne7+ Kf8 
29.Nxc6 Bxc2 30.Nxd4 Bxd4 31.Rc1 Ba4 32.Be2 a5 0-1

[Event "56th World U20 ch"]
[Site "Tarvisio ITA"]
[Date "2017.11.22"]
[Round "9.70"]
[White "Gomez Barrera, Gonzalo Andres"]
[Black "Sesar, Ivan"]
[Result "1/2-1/2"]
[WhiteElo "1741"]
[BlackElo "2207"]
[EventDate "2017.11.13"]
[PlyCount "91"]

1.e4 c6 2.d4 d6 3.Nf3 Nf6 4.Nc3 Nbd7 5.e5 Nd5 6.Nxd5 cxd5 7.exd6 e6 8.Bd3 
Bxd6 9.O-O O-O 10.Re1 Qc7 11.Qe2 Re8 12.Ne5 Nf8 13.Bb5 Bd7 14.Bxd7 Nxd7 
15.Nxd7 Qxd7 16.Be3 Rec8 17.c3 b5 18.a3 a5 19.Rec1 Rab8 20.b4 Rc4 21.Bd2 
Rbc8 22.g3 h6 23.Re1 Ra8 24.Qg4 Kh7 25.f4 Rc6 26.Rf1 axb4 27.axb4 Rca6 28.
Rad1 g6 29.Qh3 Bf8 30.g4 Bg7 31.Rde1 Ra2 32.Rf2 Ra1 33.Rxa1 Rxa1+ 34.Kg2 
Ra6 35.Qf3 Kg8 36.f5 exf5 37.gxf5 Rf6 38.Qh3 Kh7 39.Qd3 gxf5 40.Bf4 Qe8 
41.Re2 Qd7 42.Rf2 Kg8 43.Be5 Rg6+ 44.Bg3 Rf6 45.Be5 Rg6+ 46.Bg3 1/2-1/2

[Event "56th World U20 ch"]
[Site "Tarvisio ITA"]
[Date "2017.11.22"]
[Round "9.71"]
[White "Zenari, Marco"]
[Black "Valente, Joao Nuno Baptista"]
[Result "1-0"]
[WhiteElo "1997"]
[BlackElo "1897"]
[EventDate "2017.11.13"]
[PlyCount "49"]

1.e4 c5 2.Nf3 Nc6 3.d4 cxd4 4.Nxd4 g6 5.Nc3 Bg7 6.Be3 Nf6 7.Bc4 O-O 8.Bb3 
a5 9.O-O Nxd4 10.Bxd4 d6 11.a4 Bd7 12.f4 Bc6 13.Qd3 Nd7 14.Bxg7 Kxg7 15.
Kh1 Nc5 16.Qd4+ Kg8 17.Bd5 Qb6 18.b3 Rac8 19.Rad1 Qb4 20.Qe3 Bd7 21.f5 Kg7
22.Rf3 f6 23.Rh3 g5 24.Qe2 Be8 25.Nb5 1-0

[Event "56th World U20 ch"]
[Site "Tarvisio ITA"]
[Date "2017.11.22"]
[Round "9.72"]
[White "Araya Pozo, Francisco Javier"]
[Black "Chan Sheng Liang, Bernard"]
[Result "0-1"]
[WhiteElo "1416"]
[BlackElo "1698"]
[EventDate "2017.11.13"]
[PlyCount "40"]

1.e4 e5 2.Nf3 Nc6 3.Bc4 Bc5 4.Nc3 d6 5.h3 Nf6 6.d3 h6 7.O-O O-O 8.a3 Ne7 
9.Ne2 Be6 10.Bxe6 fxe6 11.b4 Bb6 12.c4 a5 13.Bb2 Ng6 14.Qb3 Qe8 15.Bc3 a4 
16.Qc2 Nh5 17.Bd2 Rxf3 18.gxf3 Nh4 19.Kh1 Qf7 20.Ng1 Qg6 0-1

[Event "56th World U20 ch"]
[Site "Tarvisio ITA"]
[Date "2017.11.22"]
[Round "9.73"]
[White "Posocco, Dennis"]
[Black "Terryn, Ezra"]
[Result "0-1"]
[WhiteElo "1564"]
[BlackElo "1987"]
[EventDate "2017.11.13"]
[PlyCount "22"]

1.e4 c5 2.d4 cxd4 3.c3 dxc3 4.Nxc3 e6 5.Bc4 a6 6.Bb3 Nc6 7.Nf3 Qc7 8.Qe2 
Nf6 9.O-O Ng4 10.h3 Nd4 11.Qd3 Nxf3+ 0-1

[Event "56th World U20 ch"]
[Site "Tarvisio ITA"]
[Date "2017.11.24"]
[Round "10.1"]
[White "Tari, Aryan"]
[Black "Xu Xiangyu"]
[Result "1/2-1/2"]
[WhiteElo "2581"]
[BlackElo "2543"]
[EventDate "2017.11.13"]
[PlyCount "60"]

1.e4 c6 2.d4 d5 3.e5 c5 4.Nf3 cxd4 5.Nxd4 e6 6.Be3 Nc6 7.f4 Qb6 8.Nc3 Bd7 
9.Qd2 Nxd4 10.Bxd4 Bc5 11.Bxc5 Qxc5 12.O-O-O O-O-O 13.Ne2 Ne7 14.Nd4 Kb8 
15.Be2 Nc6 16.Qe3 Rc8 17.c3 Nxd4 18.Rxd4 Bb5 19.Bd1 Bc4 20.b3 Qa3+ 21.Kb1 
Bb5 22.Bf3 Rc7 23.g4 Rhc8 24.Rc1 g6 25.Qd2 a5 26.Qb2 Qc5 27.Qd2 Qa3 28.Qb2
Qc5 29.Qd2 Qa3 30.Qb2 Qc5 $11 1/2-1/2

[Event "56th World U20 ch"]
[Site "Tarvisio ITA"]
[Date "2017.11.24"]
[Round "10.2"]
[White "Aravindh, Chithambaram"]
[Black "Alexeenko, Kiril"]
[Result "1-0"]
[WhiteElo "2572"]
[BlackElo "2563"]
[EventDate "2017.11.13"]
[PlyCount "157"]

1.e4 e5 2.Nf3 Nc6 3.Bb5 a6 4.Ba4 Nf6 5.O-O Be7 6.Re1 b5 7.Bb3 O-O 8.a4 Bb7
9.d3 d6 10.Nc3 Na5 11.Ba2 b4 12.Ne2 c5 13.Ng3 Bc8 14.c3 Rb8 15.d4 bxc3 16.
bxc3 Qc7 17.h3 Bd7 18.Bg5 h6 19.Be3 c4 20.Bb1 Nb3 21.Ra2 Qa5 22.Qc2 Rfc8 
23.Rf1 Bf8 24.Nh4 Bxa4 25.f4 exd4 26.cxd4 Nc5 27.Qe2 Ncd7 28.Bc2 Rb3 29.e5
Nd5 30.Bd2 Qb6 31.Kh2 Bc6 32.e6 Qxd4 33.Nhf5 Qf6 34.exd7 Bxd7 35.Qe4 g6 
36.Qxd5 gxf5 37.Bxb3 Be6 38.Qb7 cxb3 39.Rxa6 Qd4 40.Qb4 Rc4 41.Qxb3 Qxd2 
42.Ra2 Qd4 43.Ra8 Rb4 44.Qd1 Qb6 45.Nh5 Qb7 46.Qf3 Rb3 47.Qxb7 Rxb7 48.Rd1
d5 49.Rd3 f6 50.Nxf6+ Kf7 51.Nxd5 Bd6 52.Rd8 Bb8 53.Kg3 Rb2 54.Ne3 h5 55.
Kf3 Rb4 56.R8d4 Rb2 57.Nc4 Rb1 58.Ne5+ Kf6 59.Nc6 Bc7 60.Rb4 Rf1+ 61.Kg3 
h4+ 62.Kxh4 Bxf4 63.Rf3 Rxf3 64.gxf3 Bd2 65.Rd4 Be1+ 66.Kh5 Bf2 67.Rd3 
Bf7+ 68.Kh6 Bc5 69.f4 Bc4 70.Rc3 Bf8+ 71.Kh7 Bd5 72.Rg3 Bc5 73.Rg6+ Kf7 
74.Ne5+ Ke7 75.Kg7 Be3 76.Rf6 Be4 77.h4 Ke8 78.h5 Bxf4 79.Rf8+ 1-0

[Event "56th World U20 ch"]
[Site "Tarvisio ITA"]
[Date "2017.11.24"]
[Round "10.3"]
[White "Praggnanandhaa, R."]
[Black "Lomasov, Semen"]
[Result "1/2-1/2"]
[WhiteElo "2509"]
[BlackElo "2490"]
[EventDate "2017.11.13"]
[PlyCount "119"]

1.Nf3 d5 2.g3 Nc6 3.d4 Bf5 4.Bg2 e6 5.O-O Nb4 6.Na3 Nf6 7.Bf4 Be7 8.c3 Na6
9.Qb3 Qc8 10.c4 c6 11.Rac1 O-O 12.Nb1 h6 13.Nc3 Rd8 14.Ne5 Nc7 15.Rfd1 Bd6
16.c5 Bf8 17.Qa4 Nd7 18.Nd3 g5 19.Be3 b5 20.Qa5 Qa6 21.Qb4 Qb7 22.Qa5 Bxd3
23.Rxd3 e5 24.b4 e4 25.Rdd1 Nb6 26.Qa3 Nc4 27.Qb3 a5 28.bxa5 Rxa5 29.Nxe4 
Be7 30.Nd2 Qa8 31.Ra1 Ne6 32.Nxc4 bxc4 33.Qc2 Bf6 34.Bh3 Kg7 35.a4 Rb8 36.
Bxe6 fxe6 37.Bd2 Bxd4 38.Bxa5 Bxa1 39.Bc7 Rb7 40.Rxa1 Rxc7 41.Qc3+ Kh7 42.
Qc2+ Kg7 43.Qc3+ Kh7 44.Qe5 Ra7 45.Qxe6 Rxa4 46.Qf5+ Kg7 47.Rb1 c3 48.Qe5+
Kg6 49.Qxc3 Qe8 50.e3 Rc4 51.Qa5 Qe4 52.Ra1 Qe7 53.Qa8 Rxc5 54.h3 Qe6 55.
Qf8 Qf6 56.Qg8+ Qg7 57.Qe6+ Qf6 58.Qg8+ Qg7 59.Qe6+ Qf6 60.Qg8+ 1/2-1/2

[Event "56th World U20 ch"]
[Site "Tarvisio ITA"]
[Date "2017.11.24"]
[Round "10.4"]
[White "Tran Tuan Minh"]
[Black "Van Foreest, Jorden"]
[Result "0-1"]
[WhiteElo "2538"]
[BlackElo "2616"]
[EventDate "2017.11.13"]
[PlyCount "108"]

1.d4 Nf6 2.c4 g6 3.Nc3 Bg7 4.Nf3 d6 5.Bg5 Nbd7 6.e3 h6 7.Bh4 g5 8.Bg3 Nh5 
9.Bd3 e6 10.Nd2 Ndf6 11.Qb3 b6 12.O-O-O Bb7 13.f3 Nxg3 14.hxg3 Qe7 15.Nde4
Nxe4 16.Bxe4 c6 17.Qa4 Qd7 18.g4 a6 19.Qb3 Qc7 20.Kb1 O-O 21.f4 gxf4 22.g5
f5 23.gxh6 Bf6 24.Bc2 fxe3 25.c5 bxc5 26.Qxe6+ Kh8 27.dxc5 d5 28.Qxe3 d4 
29.Rxd4 Rae8 30.Qf4 Be5 31.Qd2 Bxd4 32.Qxd4+ Qe5 33.Ne2 a5 34.Qxe5+ Rxe5 
35.Nf4 Rf6 36.g4 fxg4 37.Ng6+ Rxg6 38.Bxg6 Ba6 39.Rd1 Rd5 40.Rg1 Be2 41.
Re1 Bd3+ 42.Bxd3 Rxd3 43.Re7 Rd8 44.Kc2 g3 45.Re1 Rf8 46.a4 Kh7 47.b4 Rf2+
48.Kd3 axb4 49.Kc4 Kxh6 50.Rg1 Rf3 51.a5 b3 52.a6 b2 53.a7 Ra3 54.Rb1 g2 
0-1

[Event "56th World U20 ch"]
[Site "Tarvisio ITA"]
[Date "2017.11.24"]
[Round "10.5"]
[White "Petrosian, Manuel"]
[Black "Bai Jinshi"]
[Result "1-0"]
[WhiteElo "2554"]
[BlackElo "2553"]
[EventDate "2017.11.13"]
[PlyCount "147"]

1.Nf3 d5 2.d4 Nf6 3.c4 c6 4.e3 g6 5.Nbd2 Bg7 6.Be2 O-O 7.O-O a5 8.b3 b6 9.
Bb2 Bb7 10.Rc1 Nbd7 11.cxd5 cxd5 12.Bb5 Ne8 13.Ba3 Nb8 14.Qc2 Na6 15.Ne5 
Nb4 16.Bxb4 axb4 17.Ndf3 Ra5 18.Bxe8 Rxe8 19.Rfd1 Bf6 20.Qc7 Qxc7 21.Rxc7 
Ba6 22.Rd2 Bb5 23.Nc6 Bxc6 24.Rxc6 Rea8 25.Rxb6 Rxa2 26.Rxa2 Rxa2 27.g4 h6
28.Rxb4 Rb2 29.Rb7 Kf8 30.b4 g5 31.Rb8+ Kg7 32.b5 h5 33.h3 hxg4 34.hxg4 e6
35.Kg2 Rb1 36.Rb7 Rb2 37.Rb6 Rb1 38.Rb8 Be7 39.Rb7 Bf6 40.b6 Rb2 41.Rb8 
Be7 42.b7 Rb1 43.e4 Bd6 44.Rd8 Bf4 45.Nxg5 Rxb7 46.Nh3 Bb8 47.exd5 exd5 
48.Rxd5 Rb4 49.Ng5 Ba7 50.Rd7 Kg6 51.Nf3 Bb8 52.Rd5 f6 53.Nh4+ Kf7 54.Nf5 
Rb3 55.Ra5 Rd3 56.Rb5 Bf4 57.Kf1 Rd2 58.Rb3 Ke6 59.Kg2 Kd5 60.Kf3 Bh2 61.
Rb5+ Ke6 62.Rb6+ Kf7 63.Ke3 Ra2 64.Rb1 Ke6 65.Rb6+ Kf7 66.Nd6+ Ke7 67.Ne4 
Ra3+ 68.Ke2 Ra4 69.Rb7+ Kf8 70.Rd7 Ra6 71.Kf3 Rb6 72.Rh7 Bb8 73.Nc5 Kg8 
74.Rb7 1-0

[Event "56th World U20 ch"]
[Site "Tarvisio ITA"]
[Date "2017.11.24"]
[Round "10.6"]
[White "Oparin, Grigory"]
[Black "Moroni, Luca jr"]
[Result "1/2-1/2"]
[WhiteElo "2606"]
[BlackElo "2506"]
[EventDate "2017.11.13"]
[PlyCount "120"]

1.Nf3 Nf6 2.g3 d5 3.Bg2 e6 4.O-O c5 5.d4 cxd4 6.Nxd4 e5 7.Nf3 Nc6 8.c4 d4 
9.e3 Be7 10.exd4 exd4 11.Bf4 Be6 12.Nbd2 O-O 13.Re1 Re8 14.a3 a5 15.Ne5 
Ra6 16.Nb3 Nxe5 17.Bxe5 Bxc4 18.Nxd4 Bd5 19.Nf5 Bf8 20.Bxd5 Nxd5 21.Qd4 
Rae6 22.Rad1 Qg5 23.Nh4 Rxe5 24.Rxe5 Qxe5 25.Qxd5 Qxb2 26.Qxa5 b6 27.Qf5 
Qxa3 28.Nf3 Qb3 29.Rb1 Qe6 30.Qb5 Rb8 31.Ne5 Rd8 32.Nf3 Rd6 33.Kg2 g6 34.
h4 Qe4 35.Re1 Qd5 36.Qxd5 Rxd5 37.Re8 Kg7 38.Ng5 h6 39.Ne4 f5 40.Nc3 Rd2 
41.h5 Bc5 42.hxg6 Rxf2+ 43.Kh3 Rf3 44.Nd5 Bd6 45.Re6 Rxg3+ 46.Kh4 Rg4+ 47.
Kh3 Bc5 48.Nxb6 Bxb6 49.Rxb6 h5 50.Ra6 Rxg6 51.Ra5 Rg5 52.Ra7+ Kh6 53.Ra5 
f4 54.Ra6+ Rg6 55.Ra4 Rg3+ 56.Kh4 Rg4+ 57.Kh3 f3 58.Ra6+ Kg5 59.Ra5+ Kh6 
60.Ra6+ Rg6 1/2-1/2

[Event "56th World U20 ch"]
[Site "Tarvisio ITA"]
[Date "2017.11.24"]
[Round "10.7"]
[White "Gholami, Aryan"]
[Black "Svane, Rasmus"]
[Result "0-1"]
[WhiteElo "2483"]
[BlackElo "2587"]
[EventDate "2017.11.13"]
[PlyCount "120"]

1.d4 d5 2.Bf4 Nf6 3.e3 e6 4.Nf3 Bd6 5.Bd3 O-O 6.O-O c5 7.dxc5 Bxc5 8.Nc3 
Bb4 9.Nb5 Nc6 10.Bc7 Qd7 11.Ne5 Qe7 12.a3 Ne8 13.axb4 Nxc7 14.Nxc6 bxc6 
15.Nxc7 Qxc7 16.Ra5 e5 17.Qd2 Be6 18.Qc3 Qe7 19.Qxe5 Qxb4 20.Rfa1 Rab8 21.
b3 c5 22.R5a4 Qd2 23.Bxh7+ Kxh7 24.Qh5+ Kg8 25.Rh4 f6 26.Qh7+ Kf7 27.Rxa7+
Bd7 28.h3 Rbd8 29.Qf5 Ke7 30.Rh7 Rf7 31.Rh8 Qe1+ 32.Kh2 Qc3 33.Qxd5 Qe5+ 
34.Qxe5+ fxe5 35.Rxd8 Kxd8 36.Kg3 Rf6 37.Ra5 Rc6 38.Kf3 Rf6+ 39.Ke2 Rc6 
40.Kd3 Ke7 41.Ke4 Kd6 42.g4 Rb6 43.f4 Rb4+ 44.Kf3 Bc6+ 45.Kg3 Re4 46.fxe5+
Rxe5 47.Kf2 Re7 48.Ke2 g6 49.Kd3 Rh7 50.c3 Rxh3 51.b4 Rg3 52.Rxc5 Rxg4 53.
c4 g5 54.Ra5 Be4+ 55.Kc3 Bf3 56.Ra6+ Ke5 57.b5 Rg3 58.c5 g4 59.Rg6 Rg1 60.
c6 Rb1 0-1

[Event "56th World U20 ch"]
[Site "Tarvisio ITA"]
[Date "2017.11.24"]
[Round "10.8"]
[White "Karthikeyan, Murali"]
[Black "Salomon, Johan"]
[Result "1-0"]
[WhiteElo "2578"]
[BlackElo "2476"]
[EventDate "2017.11.13"]
[PlyCount "63"]

1.e4 c5 2.Nf3 d6 3.d4 cxd4 4.Nxd4 Nf6 5.Nc3 a6 6.h3 e6 7.g4 Be7 8.g5 Nfd7 
9.Be3 b5 10.a3 Bb7 11.Rg1 Nb6 12.h4 N8d7 13.h5 g6 14.Qg4 Ne5 15.Qh3 Rf8 
16.f4 Nec4 17.hxg6 hxg6 18.O-O-O e5 19.fxe5 Nxe5 20.Bf4 Qc8 21.Qg3 Qc7 22.
Ncxb5 axb5 23.Bxe5 dxe5 24.Bxb5+ Nd7 25.Ne6 fxe6 26.Rxd7 Qxd7 27.Bxd7+ 
Kxd7 28.Rd1+ Ke8 29.Qxe5 Bc8 30.Qg7 Ra5 31.Qxg6+ Rf7 32.Rf1 1-0

[Event "56th World U20 ch"]
[Site "Tarvisio ITA"]
[Date "2017.11.24"]
[Round "10.10"]
[White "Sorokin, Alexei"]
[Black "Vaibhav, Suri"]
[Result "1-0"]
[WhiteElo "2483"]
[BlackElo "2560"]
[EventDate "2017.11.13"]
[PlyCount "65"]

1.d4 Nf6 2.c4 e6 3.g3 d5 4.Nf3 Be7 5.Bg2 O-O 6.O-O c6 7.Qc2 b6 8.Rd1 Nbd7 
9.Bf4 Ba6 10.cxd5 Nxd5 11.Nc3 Rc8 12.Rac1 Bb7 13.Nxd5 exd5 14.Bh3 g6 15.
Ne5 f5 16.Bh6 Re8 17.e4 Nxe5 18.dxe5 fxe4 19.Qa4 c5 20.Qxa7 Rb8 21.Be6+ 
Kh8 22.Bf7 Bf8 23.Bf4 g5 24.Bxg5 Qxg5 25.Bxe8 Qxe5 26.Bb5 d4 27.Ba6 Ba8 
28.Rxd4 e3 29.Bd3 exf2+ 30.Kf1 Be7 31.Rh4 h5 32.Rxh5+ Qxh5 33.Qxb8+ 1-0

[Event "56th World U20 ch"]
[Site "Tarvisio ITA"]
[Date "2017.11.24"]
[Round "10.11"]
[White "Zanan, Evgeny"]
[Black "Liang, Awonder"]
[Result "1-0"]
[WhiteElo "2471"]
[BlackElo "2558"]
[EventDate "2017.11.13"]
[PlyCount "141"]

1.d4 Nf6 2.c4 e6 3.g3 d5 4.Bg2 Bb4+ 5.Bd2 Bd6 6.Nc3 c6 7.e4 dxe4 8.Nxe4 
Nxe4 9.Bxe4 Nd7 10.Nf3 Nf6 11.Bc2 b6 12.Qe2 Bb7 13.O-O-O Qc7 14.c5 bxc5 
15.dxc5 Bxc5 16.Bc3 Qb6 17.Ne5 Ba6 18.Qf3 Qc7 19.Ng4 Nd5 20.Bxg7 O-O-O 21.
Bxh8 Rxh8 22.Nf6 Kb8 23.Bd3 Bb7 24.Bc2 Ka8 25.Ne4 Bb6 26.Nf6 Rb8 27.Kb1 
Bc5 28.Bb3 Qe7 29.Nxd5 cxd5 30.Rhe1 Qd7 31.Qd3 a5 32.Re4 Qc7 33.Rh4 Qb6 
34.Qxh7 f5 35.Qg7 Bxf2 36.Rh8 Rxh8 37.Qxh8+ Ka7 38.Qe5 Qc6 39.Rd2 Bb6 40.
Qf4 Qc5 41.Rd1 Qb5 42.Qf1 Qb4 43.Qf4 Qe4+ 44.Bc2 Qe2 45.Qd2 Qxd2 46.Rxd2 
Be3 47.Re2 d4 48.Bd3 Kb6 49.Rc2 Bc6 50.b4 axb4 51.Rc4 b3 52.axb3 Bd7 53.
Rb4+ Kc7 54.Bb5 Bc8 55.Rc4+ Kd8 56.Rc5 Bb7 57.Re5 Ke7 58.Bc4 Bc8 59.Rc5 
Bd7 60.Bb5 Kd6 61.b4 Bxb5 62.Rxb5 d3 63.Kb2 Bd2 64.Kb3 Be1 65.Rb8 Kd7 66.
Ra8 e5 67.Ra1 Bf2 68.Rf1 Be3 69.Rxf5 Bd4 70.Kc4 Ke6 71.Rf1 1-0

[Event "56th World U20 ch"]
[Site "Tarvisio ITA"]
[Date "2017.11.24"]
[Round "10.12"]
[White "Shevchenko, Kirill"]
[Black "Kobo, Ori"]
[Result "0-1"]
[WhiteElo "2550"]
[BlackElo "2460"]
[EventDate "2017.11.13"]
[PlyCount "60"]

1.d4 d6 2.e4 Nf6 3.Nc3 g6 4.f4 Bg7 5.Nf3 O-O 6.Bd3 Nc6 7.e5 dxe5 8.fxe5 
Nh5 9.Be4 Bg4 10.Be3 f6 11.exf6 Nxf6 12.Bxc6 bxc6 13.O-O Rb8 14.h3 Bxf3 
15.Rxf3 Rxb2 16.Na4 Rb8 17.Nc5 Qd5 18.Qe2 Rb2 19.Bf2 Nd7 20.Rxf8+ Nxf8 21.
Nb3 Bf6 22.Qd3 Ne6 23.Re1 Rxa2 24.c4 Qxg2+ 25.Kxg2 Nf4+ 26.Kf1 Nxd3 27.Re2
Ra3 28.Nc5 Ra1+ 29.Be1 Nxc5 30.dxc5 Bh4 0-1

[Event "56th World U20 ch"]
[Site "Tarvisio ITA"]
[Date "2017.11.24"]
[Round "10.13"]
[White "Liu Yan"]
[Black "Kantor, Gergely"]
[Result "1-0"]
[WhiteElo "2422"]
[BlackElo "2514"]
[EventDate "2017.11.13"]
[PlyCount "69"]

1.Nf3 d5 2.e3 Nf6 3.c4 e6 4.b3 Be7 5.Bb2 O-O 6.Be2 b6 7.O-O Bb7 8.Nc3 c5 
9.d4 Nbd7 10.Rc1 Rc8 11.cxd5 Nxd5 12.Nxd5 Bxd5 13.Bb5 Nf6 14.Qe2 cxd4 15.
Nxd4 Bc5 16.Ba6 Rc7 17.Rfd1 Qe7 18.Nb5 Rd7 19.b4 Bxb4 20.Bc8 Rdd8 21.Rc7 
Rxc8 22.Rxe7 Bxe7 23.Nxa7 Ra8 24.Nb5 Bxa2 25.h3 h6 26.Rc1 Bd5 27.f3 Rac8 
28.Nc7 Bc5 29.Be5 Bb7 30.Kh1 Nd7 31.Bg3 e5 32.Nb5 Bc6 33.Rd1 Rfd8 34.Qb2 
Bxe3 35.Nd6 {... 60 moves} 1-0

[Event "56th World U20 ch"]
[Site "Tarvisio ITA"]
[Date "2017.11.24"]
[Round "10.14"]
[White "Triapishko, Alexander"]
[Black "Kevlishvili, Robby"]
[Result "1/2-1/2"]
[WhiteElo "2508"]
[BlackElo "2445"]
[EventDate "2017.11.13"]
[PlyCount "150"]

1.Nf3 d5 2.g3 g6 3.Bg2 Bg7 4.d4 Nd7 5.O-O Ngf6 6.c4 c6 7.cxd5 Nxd5 8.e4 
Nc7 9.Nc3 O-O 10.Bf4 Nb6 11.Qd3 Re8 12.Be5 f6 13.Bxc7 Qxc7 14.Rac1 Be6 15.
Qe3 Qd7 16.Rfd1 Bf7 17.d5 e5 18.Nd2 cxd5 19.exd5 f5 20.Nb3 Nc4 21.Qe2 Nd6 
22.Nc5 Qe7 23.Nb5 e4 24.Nxd6 Qxd6 25.Nxb7 Qb6 26.Nc5 Rad8 27.Na4 Qa5 28.
Nc3 Re7 29.Bf1 Rc7 30.Qb5 Qxb5 31.Bxb5 Bxc3 32.Rxc3 Rxc3 33.bxc3 Rxd5 34.
Rxd5 Bxd5 35.c4 Be6 36.f4 exf3 37.Kf2 Kf7 38.Kxf3 Kf6 39.h4 $11 Ke5 40.Ke3
h6 41.Ba6 g5 42.hxg5 hxg5 43.Kd3 Bf7 44.Bb7 a5 45.a3 Be6 46.Bf3 f4 47.
gxf4+ Kxf4 48.Bd1 Ke5 49.Bf3 Bh3 50.Be2 $11 Bg2 51.Ke3 Bc6 52.Bg4 Be4 53.
Be2 Bg2 54.Kd3 Bb7 55.Ke3 Bc8 56.Bd1 Be6 57.Be2 Bh3 58.Kd3 Bf5+ 59.Ke3 Bc2
60.Kd2 Be4 61.Ke3 Bg2 62.Kd3 Kf4 63.c5 Ke5 64.Kc4 Bc6 65.Bd1 Ke4 66.Bg4 
Ke3 67.Be6 Ke4 68.Bg4 Ke5 69.Bh3 Ba4 70.Bc8 Bc6 71.Bh3 Ba4 72.Bc8 Be8 73.
Bh3 Bc6 74.Bc8 Ba4 75.Bh3 Bc6 1/2-1/2

[Event "56th World U20 ch"]
[Site "Tarvisio ITA"]
[Date "2017.11.24"]
[Round "10.15"]
[White "Boruchovsky, Avital"]
[Black "Zhao Yuanhe"]
[Result "1/2-1/2"]
[WhiteElo "2565"]
[BlackElo "2377"]
[EventDate "2017.11.13"]
[PlyCount "108"]

1.Nf3 d5 2.d4 Nf6 3.c4 c6 4.Nc3 e6 5.e3 Nbd7 6.Bd3 dxc4 7.Bxc4 b5 8.Bd3 b4
9.Na4 Qa5 10.O-O Ba6 11.b3 Be7 12.e4 O-O 13.e5 Nd5 14.Bg5 h6 15.Bxe7 Nxe7 
16.Bxa6 Qxa6 17.Qd2 Nd5 18.Rfc1 Rac8 19.Rc2 Rc7 20.Ne1 Qb7 21.Nd3 a5 22.
Re1 Rd8 23.Nac5 Nxc5 24.Nxc5 Qa7 25.h4 Ne7 26.g4 Rd5 27.h5 Rc8 28.Re4 Rcd8
29.Qe3 Kh8 30.Rc4 Kg8 31.Kh1 Kh8 32.Qf4 Kg8 33.Rc1 Rf8 34.Rg1 Rxc5 35.dxc5
Qxc5 36.g5 hxg5 37.Rxg5 Nf5 38.Re1 Qd4 39.Qxd4 Nxd4 40.Rg4 Rd8 41.Rd1 c5 
42.h6 g6 43.Rf4 Rd7 44.Kg2 Kh7 45.Rh1 Nf5 46.Rc4 Rd5 47.Rhc1 Rd2 48.Rxc5 
Rxa2 49.Rc7 Nxh6 50.R1c6 Kg8 51.Kf3 g5 52.Ra6 Ra3 53.Kg2 Rxb3 54.Rxa5 Kg7 
{... 40 moves} 1/2-1/2

[Event "56th World U20 ch"]
[Site "Tarvisio ITA"]
[Date "2017.11.24"]
[Round "10.16"]
[White "Donchenko, Alexander"]
[Black "Christiansen, Johan-Sebastian"]
[Result "1/2-1/2"]
[WhiteElo "2567"]
[BlackElo "2468"]
[EventDate "2017.11.13"]
[PlyCount "99"]

1.Nf3 c5 2.e4 Nf6 3.e5 Nd5 4.Nc3 e6 5.g3 d6 6.Bg2 Nc6 7.Nxd5 exd5 8.exd6 
Bxd6 9.O-O O-O 10.d4 Bg4 11.h3 Bh5 12.Be3 Qa5 13.dxc5 Bxc5 14.Qxd5 Bxe3 
15.Qxa5 Nxa5 16.fxe3 Rfe8 17.Nh4 Be2 18.Rf5 Nc4 19.Bxb7 Rab8 20.Bd5 Nd6 
21.Rf2 Ba6 22.b3 Rxe3 23.Rf3 Re2 24.c4 Bc8 25.c5 Rd2 26.Bc6 Nb5 27.Re3 Be6
28.Nf3 Rdd8 29.Rc1 Nc7 30.Be4 h6 31.h4 a5 32.Ne5 Rd2 33.Rc2 Rd1+ 34.Kf2 a4
35.bxa4 Rbb1 36.Rd3 Rf1+ 37.Ke3 g5 38.hxg5 hxg5 39.c6 Rb4 40.Bf3 Rxa4 41.
Rd7 Ra7 42.Rb2 Kg7 43.Rb7 Ra5 44.Nxf7 Ra3+ 45.Rb3 Bxb3 46.axb3 Rxb3+ 47.
Ke2 Rbxf3 48.Nxg5+ Rf7 49.Nxf7 Rxf7 50.Rxf7+ 1/2-1/2

[Event "56th World U20 ch"]
[Site "Tarvisio ITA"]
[Date "2017.11.24"]
[Round "10.17"]
[White "Livaic, Leon"]
[Black "Sanal, Vahap"]
[Result "1-0"]
[WhiteElo "2470"]
[BlackElo "2557"]
[EventDate "2017.11.13"]
[PlyCount "31"]

1.d4 Nf6 2.c4 g6 3.Nc3 Bg7 4.e4 d6 5.f3 O-O 6.Bg5 c6 7.Qd2 a6 8.O-O-O b5 
9.Bh6 bxc4 10.h4 Qa5 11.h5 gxh5 12.g4 hxg4 13.Bxg7 Kxg7 14.Qh6+ Kg8 15.
fxg4 Bxg4 16.Be2 1-0

[Event "56th World U20 ch"]
[Site "Tarvisio ITA"]
[Date "2017.11.24"]
[Round "10.18"]
[White "Sarana, Alexei"]
[Black "Jarmula, Lukasz"]
[Result "1-0"]
[WhiteElo "2543"]
[BlackElo "2470"]
[EventDate "2017.11.13"]
[PlyCount "99"]

1.d4 Nf6 2.c4 e6 3.Nf3 d5 4.g3 Be7 5.Bg2 O-O 6.Nc3 dxc4 7.Ne5 Nc6 8.Bxc6 
bxc6 9.Nxc6 Qe8 10.Nxe7+ Qxe7 11.Qa4 c5 12.dxc5 Qxc5 13.Be3 Qc7 14.Rd1 Bb7
15.O-O Nd5 16.Nxd5 Bxd5 17.Bd4 Rfd8 18.Bc3 Qc6 19.Qa5 Rdb8 20.Rd4 f5 21.
Rfd1 Rb6 22.f3 Ra6 23.Qb4 Re8 24.Be1 Rxa2 25.e4 fxe4 26.fxe4 Bxe4 27.Rd6 
Qb7 28.Qxb7 Bxb7 29.Bc3 e5 30.Rd7 Bf3 31.Re1 Ra6 32.Rxe5 Rxe5 33.Bxe5 Be4 
34.Rxg7+ Kf8 35.Bc3 Bd3 36.Rc7 Ra1+ 37.Kg2 a6 38.g4 Be4+ 39.Kg3 Bd3 40.Ra7
Rg1+ 41.Kf3 Rh1 42.Kg2 Ra1 43.h4 a5 44.h5 Rf1 45.Rxh7 Bxh7 46.Kxf1 Bc2 47.
Ke2 a4 48.g5 Kf7 49.g6+ Ke6 50.Ke3 1-0